000
00195 a2200097 4500
001
10447
100
_a
Embry, SB
245
_a
Mission completed
260
_a
_b
Methuuen
_c
090
_c
8072
_d
8072
942
_a
NUST-CAE
_c
M
_c
34792
999
_c
245520
_d
245520